101 thắc mắc và giải đáp khi sử dụng chương trình Microsoft Project trong xây dựng

Tài liệu hướng dẫn sử dụng phần mềm Microsoft Project trong Xây dựng, các thắc mắc thường gặp và giải đáp các thắc mắc về phần mềm

Spremljeno u:
Bibliografski detalji
Glavni autor: Bùi, Mạnh Hùng
Format: Knjiga
Jezik:Undetermined
Izdano: Hà Nội Xây Dựng 2010
Teme:
Oznake: Dodaj oznaku
Bez oznaka, Budi prvi tko označuje ovaj zapis!
Thư viện lưu trữ: Trung tâm Học liệu Trường Đại học Cần Thơ
LEADER 01010nam a2200217Ia 4500
001 CTU_53627
008 210402s9999 xx 000 0 und d
020 |c 34000 
082 |a 690.0285 
082 |b H513 
100 |a Bùi, Mạnh Hùng 
245 0 |a 101 thắc mắc và giải đáp khi sử dụng chương trình Microsoft Project trong xây dựng 
245 0 |c Bùi Mạnh Hùng 
260 |a Hà Nội 
260 |b Xây Dựng 
260 |c 2010 
520 |a Tài liệu hướng dẫn sử dụng phần mềm Microsoft Project trong Xây dựng, các thắc mắc thường gặp và giải đáp các thắc mắc về phần mềm 
650 |a Building,Microsoft Project (Computer programs),Xây dựng,Chương trình Dự án (Chương trình máy tính) 
650 |x Data processing,Xử lý dữ liệu 
904 |i Phú, Bạch Trúc 
980 |a Trung tâm Học liệu Trường Đại học Cần Thơ